| 000 | 00874nas a2200289 4500 | ||
|---|---|---|---|
| 001 | BR7702980 | ||
| 003 | BR-BrBNA | ||
| 005 | 20231205083210.0 | ||
| 007 | ta | ||
| 008 | 230509b bl.|||p| |||| 00| 00por d | ||
| 040 |
_aBR-BrBNA _bpor _cBiblioteca Nacional de Agricultura |
||
| 041 | _a(Pt) | ||
| 072 | _aH00 | ||
| 100 | 1 | _aAlmeida, J.B. de | |
| 100 | 1 | _aPiedade, J.R. | |
| 245 | 1 | _aAnalise dos defensivos organomercuriais por potenciografia complexometrica [Defesa vegetal; Pesticida] | |
| 650 | _aDefesa vegetal | ||
| 650 | _aDefensivo | ||
| 650 | _aPesticida | ||
| 650 | _aFungicida | ||
| 650 | _aComposto quimico | ||
| 650 | _aMercurio | ||
| 650 | _aReagente quimico | ||
| 773 | 0 |
_tArquivos do Instituto Biologico (Brazil) _xISSN 0020-3653 _g(Oct 1977), v. 44(4) p. 225-228 _wBR7702980 |
|
| 909 |
_a202311 _bLúcia _c55 _dLúcia Elande |
||
| 942 |
_2AGRIS _n0 _cANA |
||
| 999 |
_c97081 _d97081 |
||